El derecho de los niños y las niñas a jugar. Análisis de la importancia del juego en las vidas de niños y niñas de todo el mundo.

Guardado en:
Bibliografiske detaljer
Hovedforfatter: Lester, Stuart (autor)
Andre forfattere: Russell, Wendy (autor) (autor)
Format: Bog
Sprog:spansk
Serier:(Cuadernos sobre: desarrollo infantil temprano; no. 57)
Fag:
Tags: Tilføj Tag
Ingen Tags, Vær først til at tagge denne postø!

MARC

LEADER 00000nam^a2200000^u^4500
001 000518190
005 20250521000000.0
008 110704s1000^^^^^^^^^^^^r^^^^^000^0^spa^d
009 20260310130413.242
022 |a 9789061951247 
022 |a 13837907 
035 |a FCE 000062421 
037 |a Acervo ITESO - Biblioteca 
041 |a spa 
082 0 4 |a 155.418  |b LESd 
100 |a Lester, Stuart  |e (autor) 
245 1 0 |a El derecho de los niños y las niñas a jugar.  |b Análisis de la importancia del juego en las vidas de niños y niñas de todo el mundo. 
264 |a La Haya, Países Bajos:  |b Bernard van Leer Foundation,  |c 2011. 
300 |a 71 p. 
336 |a texto  |b txt  |2 rdacontenido 
337 |a sin mediación  |b n  |2 rdamedio 
338 |a volumen  |b nc  |2 rdasoporte 
440 1 |a (Cuadernos sobre: desarrollo infantil temprano; no. 57) 
649 |a XX 
650 |a Desarrollo del niño 
650 |a Juego infantil 
650 |a Afectividad 
650 |a Derecho del niño 
650 |a Autoprotección 
700 |a Russell, Wendy  |e (autor) 
910 |a Fondo Centro de Estudios Educativos 
920 |a Impresos - Libros 
930 |a Fondos Especiales 
905 |a 133 
901 |a ALE071003  |b IT2  |c CEE  |u 20250521 
902 |a https://opac.biblio.iteso.mx/vufind/Record/000518190